[Event "Faxe EMT"]
[Site "Faxe"]
[Date "2003.04.23"]
[Round "5"]
[White "Andreasen, Per Anthony"]
[Black "Christoffersen, Per"]
[Result "1-0"]
[WhiteElo "1554"]
[BlackElo "1369"]
[PlyCount "131"]
[EventDate "2003.03.19"]
[EventType "swiss"]
[EventRounds "7"]
[EventCountry "DEN"]
[SourceTitle "EXT 2023"]
[Source "ChessBase"]
[SourceDate "2022.10.05"]
[SourceVersion "1"]
[SourceVersionDate "2022.10.05"]
[SourceQuality "1"]

1. d4 Nf6 2. c4 e6 3. Nc3 d5 4. Bg5 Bb4 5. e3 h6 6. Bh4 Nbd7 7. Bd3 Bxc3+ 8. bxc3 b6 9. Nf3 0-0 10. cxd5 exd5 11. 0-0 Bb7 12. Bf5 Qe8 13. Bg3 Qd8 14. Ne5 Nxe5 15. Bxe5 Ne4 16. Bxe4 dxe4 17. Qg4 Qg5 18. Qxg5 hxg5 19. Rfc1 c5 20. Rab1 cxd4 21. cxd4 Rac8 22. h3 Rxc1+ 23. Rxc1 Rc8 24. Rxc8+ Bxc8 25. a3 a6 26. Kf1 f5 27. Bc7 b5 28. Ke2 Be6 29. Kd2 Kf7 30. Kc3 Bc4 31. g3 Bf1 32. d5 Bxh3 33. Kd4 Ke7 34. Ke5 Kd7 35. Ba5 Bg4 36. Bb4 Bf3 37. Kxf5 g4 38. Kg6 Be2 39. Kxg7 Bc4 40. d6 a5 41. Bc5 Ke6 42. Kf8 Kd7 43. Kg7 Ke6 44. Kg6 Be2 45. Kg5 Bd1 46. Kg6 Bf3 47. Kg7 Be2 48. Kf8 Kd7 49. Kf7 Bc4+ 50. Kf6 Be2 51. Ke5 Bd3 52. Kf4 Be2 53. Kxe4 Ke6 54. Kf4 Bf3 55. e4 Bg2 56. Kxg4 Bxe4 57. f4 Bc6 58. f5+ Kd5 59. f6 Bd7+ 60. Kg5 Ke6 61. Kg6 Be8+ 62. Kg7 Bh5 63. g4 Be8 64. g5 Bf7 65. d7 Kxd7 66. Kxf7 1-0

[Event "Faxe EMT"]
[Site "Faxe"]
[Date "2003.03.26"]
[Round "2"]
[White "Jensen, Herman"]
[Black "Andreasen, Per Anthony"]
[Result "1-0"]
[WhiteElo "1615"]
[BlackElo "1554"]
[PlyCount "105"]
[EventDate "2003.03.19"]
[EventType "swiss"]
[EventRounds "7"]
[EventCountry "DEN"]
[SourceTitle "EXT 2023"]
[Source "ChessBase"]
[SourceDate "2022.10.05"]
[SourceVersion "1"]
[SourceVersionDate "2022.10.05"]
[SourceQuality "1"]

1. e4 e6 2. d4 d5 3. Nc3 Nf6 4. Bd3 c5 5. dxc5 Bxc5 6. Qf3 d4 7. Nce2 Nc6 8. a3 Ne5 9. Qg3 Nxd3+ 10. Qxd3 a6 11. Nf3 Ng4 12. h3 Nf6 13. Nexd4 e5 14. Nb3 Qxd3 15. cxd3 Bd6 16. 0-0 Be6 17. Na5 b6 18. Nc6 Nd7 19. Bd2 f6 20. Rac1 Nc5 21. Be3 Rc8 22. Bxc5 Bxc5 23. b4 Rxc6 24. bxc5 bxc5 25. d4 exd4 26. Nxd4 Rd6 27. Nxe6 Rxe6 28. Rxc5 Kf7 29. Re1 Rb8 30. f3 Rb3 31. a4 Rd6 32. Rec1 Rd2 33. R5c2 Rd4 34. Rc7+ Kg6 35. R7c4 Rd2 36. R4c2 Rd4 37. e5 Re3 38. exf6 gxf6 39. Rc4 Rd2 40. R1c2 Rd1+ 41. Kf2 Ra3 42. Rg4+ Kh6 43. Rc6 Ra2+ 44. Ke3 Re1+ 45. Kf4 Rxa4+ 46. Kf5 Rxg4 47. hxg4 Ra1 48. Kxf6 Ra2 49. g5+ Kh5 50. g3 Ra5 51. Rc7 h6 52. Rh7 Rxg5 53. g4+ 1-0

[Event "Faxe EMT"]
[Site "Faxe"]
[Date "2001.05.09"]
[Round "7"]
[White "Jensen, Leif"]
[Black "Andreasen, Per Anthony"]
[Result "1-0"]
[WhiteElo "2052"]
[BlackElo "1538"]
[PlyCount "97"]
[EventDate "2001.03.21"]
[EventType "swiss"]
[EventRounds "7"]
[EventCountry "DEN"]
[SourceTitle "EXT 2023"]
[Source "ChessBase"]
[SourceDate "2022.10.05"]
[SourceVersion "1"]
[SourceVersionDate "2022.10.05"]
[SourceQuality "1"]

1. e4 e6 2. d4 d5 3. Nd2 dxe4 4. Nxe4 Bd7 5. Nf3 Ne7 6. Ne5 Ng6 7. Nxd7 Nxd7 8. c3 Nb6 9. Bd3 Qd5 10. Qe2 0-0-0 11. Bc2 f5 12. Ng3 Kb8 13. f3 Bd6 14. Bb3 Bxg3+ 15. hxg3 Qd6 16. f4 h6 17. Be3 Nd5 18. 0-0-0 Rhe8 19. Bf2 a6 20. Qf3 Nf6 21. Rhe1 Ne4 22. Bc2 Nf6 23. Re2 Qd5 24. Bb3 Qd6 25. Rde1 Ne4 26. Bc2 Nf6 27. d5 Qxd5 28. Qxd5 Rxd5 29. Rxe6 Red8 30. Bd4 Nf8 31. Re7 Rxd4 32. cxd4 g6 33. d5 Nxd5 34. Re8 Kc8 35. Rxd8+ Kxd8 36. Rd1 c6 37. Bb3 Kc7 38. Bxd5 cxd5 39. Rxd5 Nd7 40. Kc2 Nf6 41. Re5 Kd6 42. Kd3 Ng4 43. Re2 Nf6 44. Kd4 Nh5 45. Re3 Nf6 46. Rb3 Kc6 47. Rc3+ Kd6 48. Rc8 Nh5 49. Rg8 1-0

[Event "Faxe op"]
[Site "Faxe"]
[Date "2000.05.03"]
[Round "7"]
[White "Wehlast, Svend Erik"]
[Black "Andreasen, Per Anthony"]
[Result "1/2-1/2"]
[WhiteElo "1402"]
[BlackElo "1533"]
[PlyCount "41"]
[EventDate "2000.03.15"]
[EventType "swiss"]
[EventRounds "7"]
[EventCountry "DEN"]
[SourceTitle "EXT 2025"]
[Source "ChessBase"]
[SourceDate "2024.10.14"]
[SourceVersion "1"]
[SourceVersionDate "2024.10.14"]
[SourceQuality "1"]

1. e4 e6 2. Nf3 d5 3. exd5 exd5 4. d4 Bg4 5. h3 Bh5 6. Be3 Nf6 7. a3 c6 8. Bd3 Qa5+ 9. Nbd2 Ne4 10. c3 Nxd2 11. Bxd2 Bd6 12. c4 Qa6 13. Qe2+ Be7 14. c5 b5 15. g4 Bg6 16. Bxg6 hxg6 17. b4 Qc8 18. 0-0-0 Kd8 19. Ne5 Qe6 20. Rde1 Re8 21. f4 1/2-1/2

[Event "Faxe op"]
[Site "Faxe"]
[Date "2000.04.19"]
[Round "5"]
[White "Jensen, Niels"]
[Black "Andreasen, Per Anthony"]
[Result "0-1"]
[WhiteElo "1257"]
[BlackElo "1533"]
[PlyCount "116"]
[EventDate "2000.03.15"]
[EventType "swiss"]
[EventRounds "7"]
[EventCountry "DEN"]
[SourceTitle "EXT 2025"]
[Source "ChessBase"]
[SourceDate "2024.10.14"]
[SourceVersion "1"]
[SourceVersionDate "2024.10.14"]
[SourceQuality "1"]

1. e4 e6 2. Bc4 d5 3. exd5 exd5 4. Bb3 Nf6 5. h3 Bd6 6. Nf3 Qe7+ 7. Qe2 Qxe2+ 8. Kxe2 0-0 9. Re1 Bd7 10. Kf1 c5 11. c3 Nc6 12. d3 Rae8 13. Bg5 Rxe1+ 14. Kxe1 Re8+ 15. Kf1 Bf5 16. Bxf6 gxf6 17. Bxd5 Bxd3+ 18. Kg1 Ne5 19. Nbd2 Nxf3+ 20. Nxf3 Re2 21. b3 b6 22. Rd1 Rxa2 23. b4 c4 24. Ne1 Be2 25. Rb1 Be5 26. Rc1 Bf4 27. Rc2 Rxc2 28. Nxc2 Bd2 29. Ne3 Bxc3 30. b5 Bd4 31. Bxc4 Bxc4 32. Nxc4 Kf8 33. Kf1 Ke7 34. Ke2 Ke6 35. f3 Kd5 36. Kd3 Kc5 37. g4 Be5 38. Na3 Kb4 39. Nb1 Kxb5 40. Ke4 a5 41. f4 Bb2 42. f5 a4 43. Kd3 a3 44. Kc2 a2 45. Kxb2 axb1Q+ 46. Kxb1 Kc5 47. Kb2 Kd5 48. Kc3 Ke5 49. Kc4 Kf4 50. Kb5 Kg3 51. Kxb6 Kxh3 52. Kc5 Kxg4 53. Kd4 h5 54. Ke3 Kg3 55. Ke2 Kg2 56. Ke3 h4 57. Kf4 h3 58. Kg4 h2 0-1